000 00442nam a2200157Ia 4500
008 221030s9999 xx 000 0 und d
020 _a8185099154
041 _aEnglish
100 _aS. K. H. Choudhary
245 0 _aElements of Workshop Technology : Vol. II Machine Tools
_cby S. K. H. Choudhary, S. K. Bose
260 _bMedia Promoters
_aMumbai
_c1987
300 _a664
650 _aBB Mechanics
700 _aS. K. Bose
942 _cBK
999 _c17926
_d17926